Diffuse matter in the solar system (Record no. 9516)

MARC details
000 -LEADER
fixed length control field 01008nam a2200217Ia 4500
003 - CONTROL NUMBER IDENTIFIER
control field IN-BaIIA
008 - FIXED-LENGTH DATA ELEMENTS--GENERAL INFORMATION
fixed length control field 211028s9999 xx 000 0 eng d
020 ## - INTERNATIONAL STANDARD BOOK NUMBER
International Standard Book Number 0-85403-325-4
040 ## - CATALOGING SOURCE
Transcribing agency IIA Library
080 ## - UNIVERSAL DECIMAL CLASSIFICATION NUMBER
Universal Decimal Classification number 523.64(063)
Item number DIF
111 ## - MAIN ENTRY--MEETING NAME
Meeting name or jurisdiction name as entry element Royal Society Discussion Meeting on Diffuse Matter in the Solar System, Comet Halley and Other Studies
Location of meeting the Royal Society, London
Date of meeting or treaty signing 1986 May 21- 22
9 (RLIN) 16032
245 #0 - TITLE STATEMENT
Title Diffuse matter in the solar system
Remainder of title proceedings of a royal society discussion meeting on diffuse matter in the solar system, comet Halley and other studies, held in the Royal Society, London, 21 and 22 May 1986
Statement of responsibility, etc. edited by G.Turner and C. T.Pillinger
260 ## - PUBLICATION, DISTRIBUTION, ETC.
Place of publication, distribution, etc. London
Name of publisher, distributor, etc. The Royal Society
Date of publication, distribution, etc. 1987
300 ## - PHYSICAL DESCRIPTION
Extent [various pagings.]
650 ## - SUBJECT ADDED ENTRY--TOPICAL TERM
Topical term or geographic name entry element Astronomy and astrophysics thesaurus
650 ## - SUBJECT ADDED ENTRY--TOPICAL TERM
Topical term or geographic name entry element Comet Halley
9 (RLIN) 4021
650 ## - SUBJECT ADDED ENTRY--TOPICAL TERM
Topical term or geographic name entry element Comets
9 (RLIN) 755
700 ## - ADDED ENTRY--PERSONAL NAME
Personal name Pillinger, C. T., ed.
9 (RLIN) 16033
700 ## - ADDED ENTRY--PERSONAL NAME
Personal name Turner, G., ed.
9 (RLIN) 16034
942 ## - ADDED ENTRY ELEMENTS (KOHA)
Koha item type Books
Holdings
Withdrawn status Lost status Damaged status Not for loan Home library Current library Shelving location Date acquired Total Checkouts Full call number Barcode Date last seen Price effective from Koha item type
        IIA Library-Bangalore IIA Library-Bangalore General Stacks     523.64(063)/ DIF 10426 05/11/2021   Books

Powered by Koha